000 00498nam a2200205Ia 4500
005 20250923150425.0
008 008 250917s9999 xx 000 0 eng d
037 _aTextual
040 _aDSWL
_beng
_cDSWL
041 _aeng
_2eng
084 _qDSWL
100 _aHabib, Irfan
_9845809
245 0 _aOn socialism
_cby Irfan Habib
260 _aNew Delhi
_b Tulika Books
_c2018
300 _a196 p.
365 _aINR
_b350
925 _g350
942 _cTEXL
999 _c1463299
_d1463299